[Event "Sparkassen-Open A"]
[Site "Heusenstamm, Martinsee"]
[Date "2021.11.19"]
[Round "3.3"]
[White "Hahn, Markus"]
[Black "Milov, Leonid"]
[Result "1/2-1/2"]
[WhiteElo "2264"]
[BlackElo "2450"]
[PlyCount "128"]
[EventDate "2021.??.??"]
[WhiteTeam "SVG Caissa Kassel"]
[BlackTeam "SC Noris-Tarrasch Nürnberg"]

{[%evp 0,18,19,15,75,63,67,62,64,24,31,45,42,2,2,-38,-17,-21,-15,-35,-25]} 1.
d4 f5 2. g3 {[%emt 0:00:20]} Nf6 3. Bg2 d6 4. d5 c6 5. c4 e5 6. dxe6 {[%emt 0:
00:18]} Bxe6 7. b3 d5 8. cxd5 {[%emt 0:00:47]} Bxd5 {[%emt 0:00:17]} 9. Bxd5 {
[%emt 0:02:57]} Qxd5 {[%emt 0:08:24]} 10. Qxd5 {[%emt 0:01:06]} Nxd5 11. Nf3 {
[%emt 0:09:10]} Nd7 {[%emt 0:06:11]} 12. O-O {[%emt 0:22:47]} Be7 {[%emt 0:00:
04]} 13. Bb2 {[%emt 0:01:09]} O-O {[%emt 0:00:31]} 14. Nc3 {[%emt 0:06:34]}
N7f6 {[%emt 0:01:50]} 15. Nxd5 {[%emt 0:04:11]} Nxd5 {[%emt 0:00:11]} 16. Rfd1
{[%emt 0:00:53]} Rfe8 {[%emt 0:12:34]} 17. Kf1 {[%emt 0:00:52]} Rad8 {[%emt 0:
04:41]} 18. e3 {[%emt 0:06:13]} g6 {[%emt 0:15:47]} 19. Rac1 {[%emt 0:04:40]}
Nb4 {[%emt 0:02:08]} 20. Rxd8 {[%emt 0:02:22]} Rxd8 {[%emt 0:00:28]} 21. Ra1 {
[%emt 0:00:33]} c5 {[%emt 0:01:56]} 22. Ke2 {[%emt 0:03:09]} Kf7 {[%emt 0:02:
08]} 23. a3 {[%emt 0:07:28]} Nd5 {[%emt 0:01:18]} 24. Rc1 {[%emt 0:00:08]} Ke6
{[%emt 0:02:46]} 25. a4 {[%emt 0:01:06]} b6 {[%emt 0:00:23]} 26. h4 {[%emt 0:
01:34]} h6 {[%emt 0:01:58]} 27. Ne1 {[%emt 0:00:06]} Bf6 {[%emt 0:01:12]} 28.
Bxf6 {[%emt 0:00:40]} Nxf6 {[%emt 0:01:22]} 29. Nd3 {[%emt 0:00:55]} Ne4 {
[%emt 0:00:45]} 30. Rg1 {[%emt 0:00:37]} Nc3+ {[%emt 0:09:31]} 31. Kd2 {
[%emt 0:00:25]} Nd5 {[%emt 0:00:05]} 32. Ke2 {[%emt 0:00:09]} Nf6 {[%emt 0:09:
46]} 33. Rc1 {[%emt 0:00:16]} Rd7 {[%emt 0:04:18]} 34. Nf4+ {[%emt 0:00:26]}
Kf7 {[%emt 0:00:07]} 35. Nd3 {[%emt 0:00:08]} Re7 {[%emt 0:01:59]} 36. Rd1 {
[%emt 0:01:33]} Ne4 {[%emt 0:00:38]} 37. Rg1 {[%emt 0:00:46]} Nf6 {[%emt 0:03:
40]} 38. Rd1 {[%emt 0:00:13]} Nd5 {[%emt 0:01:14]} 39. Rc1 {[%emt 0:00:23]} Re4
{[%emt 0:01:30]} 40. Kd2 {[%emt 0:00:48]} Nb4 {[%emt 0:02:49]} 41. f3 {[%emt 0:
07:45]} Nxd3 {[%emt 0:01:25]} 42. Kxd3 Re7 {[%emt 0:05:57]} 43. a5 {[%emt 0:03:
49]} Ke6 {[%emt 0:01:51]} 44. axb6 {[%emt 0:00:39]} axb6 {[%emt 0:00:22]} 45.
Ra1 Kd5 {[%emt 0:05:24]} 46. Ra8 {[%emt 0:01:37]} h5 {[%emt 0:01:22]} 47. e4+ {
[%emt 0:06:47]} fxe4+ {[%emt 0:00:07]} 48. fxe4+ {[%emt 0:00:14]} Kc6 {[%emt 0:
00:30]} 49. Ke3 {[%emt 0:01:00]} Re6 {[%emt 0:08:02]} 50. Rf8 {[%emt 0:06:58]}
Kb5 {[%emt 0:01:55]} 51. Kf4 {[%emt 0:00:42]} Kb4 {[%emt 0:00:50]} 52. e5 {
[%emt 0:00:36]} b5 {[%emt 0:00:17]} 53. Rb8 {[%emt 0:01:14]} Rc6 {[%emt 0:03:
12]} 54. Ke4 {[%emt 0:00:59]} c4 {[%emt 0:00:52]} 55. bxc4 {[%emt 0:01:29]}
Kxc4 {[%emt 0:00:38]} 56. Rd8 {[%emt 0:01:31]} b4 {[%emt 0:00:22]} 57. Rd6 {
[%emt 0:00:14]} Rxd6 {[%emt 0:03:58]} 58. exd6 {[%emt 0:00:27]} b3 59. d7 {
[%emt 0:00:09]} b2 {[%emt 0:00:04]} 60. d8=Q {[%emt 0:00:16]} b1=Q+ {[%emt 0:
00:07]} 61. Kf3 {[%emt 0:01:48]} Qf5+ {[%emt 0:02:14]} 62. Kg2 {[%emt 0:00:38]}
Qe4+ {[%emt 0:00:27]} 63. Kf2 {[%emt 0:00:41]} Qf5+ {[%emt 0:01:20]} 64. Kg2 {
[%emt 0:00:07]} Qe4+ {[%emt 0:00:33]} 1/2-1/2

[Event "Sparkassen-Open A"]
[Site "Heusenstamm, Martinsee"]
[Date "2021.11.19"]
[Round "3.4"]
[White "Abel, Thomas"]
[Black "Poysti, Nathanael"]
[Result "1/2-1/2"]
[WhiteElo "2334"]
[BlackElo "2192"]
[PlyCount "93"]
[EventDate "2021.??.??"]
[WhiteTeam "VL Bad Vilbel"]
[BlackTeam "Wien"]

{[%evp 0,26,19,19,15,7,7,7,18,-2,17,4,3,3,29,37,58,46,50,40,40,25,25,22,72,46,
44,37,37]} 1. d4 Nf6 {[%emt 0:00:02]} 2. c4 e6 3. Nf3 a6 4. g3 b5 5. Nbd2 Bb7
6. Bg2 {[%emt 0:00:12]} c5 7. O-O cxd4 8. cxb5 axb5 9. Nxd4 Bxg2 10. Kxg2 {
[%emt 0:00:05]} Qb6 11. N2f3 Be7 12. Qd3 {[%emt 0:00:49]} b4 {[%emt 0:00:33]}
13. Be3 {[%emt 0:05:27]} Qb7 {[%emt 0:12:17]} 14. Rfc1 {[%emt 0:04:33]} O-O {
[%emt 0:00:14]} 15. Qb5 {[%emt 0:01:09]} Qxb5 {[%emt 0:08:11]} 16. Nxb5 {
[%emt 0:00:03]} Na6 {[%emt 0:00:29]} 17. a4 {[%emt 0:05:17]} bxa3 {[%emt 0:05:
50]} 18. bxa3 {[%emt 0:00:16]} Rfc8 {[%emt 0:03:24]} 19. Ne5 {[%emt 0:01:43]}
h6 {[%emt 0:04:39]} 20. Kf3 {[%emt 0:07:49]} Nc5 {[%emt 0:08:20]} 21. Bxc5 {
[%emt 0:03:55]} Rxc5 {[%emt 0:01:09]} 22. Rxc5 {[%emt 0:01:33]} Bxc5 {[%emt 0:
00:04]} 23. a4 Bb4 {[%emt 0:03:21]} 24. Nd3 {[%emt 0:07:07]} Ba5 {[%emt 0:00:
51]} 25. Nc5 {[%emt 0:09:52]} Kf8 {[%emt 0:01:54]} 26. e4 {[%emt 0:02:38]} Ke7
{[%emt 0:00:27]} 27. Nb7 {[%emt 0:02:53]} d5 {[%emt 0:05:28]} 28. exd5 {
[%emt 0:03:10]} Nxd5 {[%emt 0:01:44]} 29. Nxa5 {[%emt 0:00:21]} Rxa5 {[%emt 0:
00:13]} 30. Nd4 {[%emt 0:00:08]} Kd6 {[%emt 0:02:05]} 31. Nb3 {[%emt 0:01:09]}
Ra6 {[%emt 0:09:11]} 32. a5 {[%emt 0:00:26]} f5 {[%emt 0:00:22]} 33. Rc1 {
[%emt 0:03:54]} e5 {[%emt 0:00:44]} 34. Rc8 {[%emt 0:01:49]} Rc6 {[%emt 0:04:
31]} 35. Rd8+ {[%emt 0:07:17]} Ke6 36. a6 {[%emt 0:00:42]} Rc3+ {[%emt 0:08:59]
} 37. Kg2 {[%emt 0:00:07]} Rxb3 {[%emt 0:00:07]} 38. a7 {[%emt 0:00:17]} Nb6 {
[%emt 0:01:48]} 39. Rb8 {[%emt 0:00:32]} Ra3 {[%emt 0:00:18]} 40. Rxb6+ {
[%emt 0:00:03]} Kd5 {[%emt 0:00:08]} 41. Rb7 {[%emt 0:01:17]} g5 {[%emt 0:06:
10]} 42. Rh7 {[%emt 0:08:15]} g4 {[%emt 0:00:19]} 43. h3 {[%emt 0:04:42]} Ra6 {
[%emt 0:07:37]} 44. Rg7 {[%emt 0:06:16]} h5 {[%emt 0:08:03]} 45. Rh7 {[%emt 0:
05:06]} Ke4 {[%emt 0:05:28]} 46. Rxh5 {[%emt 0:05:07]} gxh3+ {[%emt 0:00:13]}
47. Rxh3 {[%emt 0:00:06]} 1/2-1/2

[Event "Sparkassen-Open A"]
[Site "Heusenstamm, Martinsee"]
[Date "2021.11.19"]
[Round "3.5"]
[White "Neukirchner, Pascal"]
[Black "Bethke, Richard"]
[Result "1/2-1/2"]
[WhiteElo "2230"]
[BlackElo "2330"]
[PlyCount "48"]
[EventDate "2021.??.??"]
[WhiteTeam "SK Gründau"]
[BlackTeam "SF Neuberg"]

{[%evp 0,48,19,18,18,-14,42,29,60,46,42,26,24,7,30,5,71,30,26,28,32,27,17,-25,
30,60,63,63,225,268,247,160,219,219,218,228,228,238,238,225,225,221,250,173,
222,116,195,195,137,123,163]} 1. Nf3 d5 2. g3 {[%emt 0:00:08]} Nd7 3. d4 b5 4.
a4 b4 5. Bg2 e6 6. O-O {[%emt 0:00:04]} Ngf6 7. Bf4 Ne4 8. Nfd2 {[%emt 0:04:45]
} Nxd2 {[%emt 0:00:53]} 9. Nxd2 {[%emt 0:00:41]} Ba6 {[%emt 0:03:46]} 10. Re1 {
[%emt 0:09:44]} g5 {[%emt 0:04:25]} 11. e4 {[%emt 0:00:33]} gxf4 {[%emt 0:16:
38]} 12. exd5 {[%emt 0:00:25]} fxg3 {[%emt 0:00:51]} 13. hxg3 {[%emt 0:02:19]}
Nf6 {[%emt 0:03:30]} 14. dxe6 {[%emt 0:00:26]} Rb8 {[%emt 0:00:21]} 15. Nf3 {
[%emt 0:18:12]} Bb7 {[%emt 0:08:50]} 16. Ng5 {[%emt 0:05:25]} Bxg2 {[%emt 0:01:
11]} 17. exf7+ {[%emt 0:00:36]} Kd7 {[%emt 0:00:04]} 18. Ne6 {[%emt 0:00:42]}
Qc8 {[%emt 0:02:38]} 19. Kxg2 {[%emt 0:02:31]} Qb7+ {[%emt 0:00:44]} 20. Kg1 {
[%emt 0:01:08]} Qd5 {[%emt 0:02:55]} 21. Qe2 {[%emt 0:09:15]} Bd6 {[%emt 0:03:
51]} 22. Rad1 {[%emt 0:00:55]} h5 {[%emt 0:04:38]} 23. Nc5+ {[%emt 0:01:31]}
Kd8 {[%emt 0:00:39]} 24. Ne6+ {[%emt 0:10:28]} Kd7 {[%emt 0:00:03]} 1/2-1/2

[Event "Sparkassen-Open A"]
[Site "Heusenstamm, Martinsee"]
[Date "2021.11.19"]
[Round "3.6"]
[White "Podat, Vladimir"]
[Black "Lesny, Florian"]
[Result "1/2-1/2"]
[WhiteElo "2311"]
[BlackElo "2143"]
[PlyCount "140"]
[EventDate "2021.??.??"]
[WhiteTeam "SC Untergrombach"]
[BlackTeam "SK Niederbrechen"]

{[%evp 0,106,19,15,15,7,7,-10,2,-16,25,13,15,15,15,25,21,12,10,-25,25,23,35,25,
22,18,15,-4,26,13,43,41,32,32,27,9,7,3,9,16,8,-5,1,0,0,0,0,-10,1,3,-5,-2,13,1,
-2,-3,10,0,12,3,19,37,58,48,47,48,67,73,54,44,66,86,89,134,149,151,130,61,58,
53,50,48,48,48,53,55,55,45,55,58,58,58,58,55,57,57,59,38,51,20,59,59,89,85,84,
93,84,58,60]} 1. d4 d5 2. c4 e6 3. Nc3 Nf6 4. Bg5 Be7 5. cxd5 exd5 6. e3 {
[%emt 0:00:05]} O-O 7. Bd3 h6 8. Bh4 Re8 9. Qc2 c6 10. Nf3 Nbd7 11. O-O Ne4 12.
Bxe7 Qxe7 13. Rab1 a5 {[%emt 0:01:00]} 14. Na4 {[%emt 0:03:58]} Nd6 {[%emt 0:
15:16]} 15. Rbc1 {[%emt 0:06:11]} Qd8 {[%emt 0:07:17]} 16. Qb3 {[%emt 0:03:40]}
Nf6 {[%emt 0:02:56]} 17. Nb6 {[%emt 0:00:57]} Ra7 {[%emt 0:03:34]} 18. Nxc8 {
[%emt 0:00:23]} Nxc8 {[%emt 0:04:01]} 19. Ne5 {[%emt 0:05:30]} Nd6 {[%emt 0:02:
29]} 20. Rc2 {[%emt 0:04:19]} Nd7 {[%emt 0:03:36]} 21. Nxd7 {[%emt 0:01:48]}
Qxd7 {[%emt 0:00:31]} 22. Qb6 {[%emt 0:01:14]} Raa8 {[%emt 0:05:43]} 23. Rc5 {
[%emt 0:04:43]} Nc8 {[%emt 0:01:39]} 24. Qb3 {[%emt 0:00:18]} Nd6 {[%emt 0:01:
24]} 25. Rfc1 {[%emt 0:04:57]} Re6 {[%emt 0:05:49]} 26. Qc3 {[%emt 0:04:30]}
Qd8 {[%emt 0:02:07]} 27. b3 {[%emt 0:05:41]} Qb6 {[%emt 0:06:49]} 28. a3 {
[%emt 0:02:09]} Rf6 {[%emt 0:03:48]} 29. h3 {[%emt 0:10:00]} Ne8 30. b4 {
[%emt 0:02:34]} axb4 {[%emt 0:00:33]} 31. axb4 Ra2 {[%emt 0:01:18]} 32. Rc2 {
[%emt 0:00:13]} Qa7 {[%emt 0:02:57]} 33. Rxa2 {[%emt 0:03:28]} Qxa2 34. Bc2 {
[%emt 0:00:05]} Qa7 {[%emt 0:04:17]} 35. Ra5 {[%emt 0:05:13]} Qb6 {[%emt 0:01:
57]} 36. Ra8 {[%emt 0:01:25]} Re6 {[%emt 0:00:07]} 37. Bf5 {[%emt 0:00:06]} Re7
{[%emt 0:00:26]} 38. Bd7 {[%emt 0:00:35]} Rxd7 {[%emt 0:00:33]} 39. Rxe8+ {
[%emt 0:00:20]} Kh7 {[%emt 0:00:07]} 40. Qc2+ {[%emt 0:00:09]} g6 {[%emt 0:01:
09]} 41. Qc5 {[%emt 0:02:54]} Qxc5 {[%emt 0:01:47]} 42. bxc5 {[%emt 0:00:39]}
Kg7 {[%emt 0:06:05]} 43. Kf1 {[%emt 0:00:39]} f5 {[%emt 0:02:00]} 44. Ke2 {
[%emt 0:01:04]} Kf7 {[%emt 0:00:41]} 45. Rh8 {[%emt 0:00:36]} Kg7 {[%emt 0:00:
24]} 46. Rb8 {[%emt 0:00:16]} Re7 {[%emt 0:00:19]} 47. Kd3 {[%emt 0:00:22]} g5
{[%emt 0:00:53]} 48. Rd8 {[%emt 0:00:38]} Kf7 {[%emt 0:01:13]} 49. Rd6 {
[%emt 0:00:15]} Kg7 {[%emt 0:00:09]} 50. g3 {[%emt 0:05:35]} f4 {[%emt 0:04:44]
} 51. exf4 {[%emt 0:02:03]} gxf4 {[%emt 0:00:13]} 52. gxf4 {[%emt 0:00:12]} Rf7
{[%emt 0:00:34]} 53. Ke3 {[%emt 0:03:28]} Re7+ {[%emt 0:00:38]} 54. Kf3 {
[%emt 0:00:10]} Re4 {[%emt 0:00:11]} 55. Rd7+ {[%emt 0:03:07]} Kf6 {[%emt 0:00:
23]} 56. Rxb7 {[%emt 0:00:19]} Rxd4 {[%emt 0:00:12]} 57. Rc7 {[%emt 0:00:33]}
Kf5 {[%emt 0:00:23]} 58. Rxc6 {[%emt 0:00:24]} Rxf4+ 59. Kg3 {[%emt 0:00:08]}
Rc4 {[%emt 0:03:10]} 60. Rc8 {[%emt 0:00:56]} d4 {[%emt 0:01:40]} 61. c6 {
[%emt 0:00:53]} Ke5 {[%emt 0:03:05]} 62. c7 {[%emt 0:05:29]} Kd6 {[%emt 0:01:
10]} 63. Kf4 {[%emt 0:00:36]} d3+ {[%emt 0:03:48]} 64. Ke3 {[%emt 0:00:08]} Rh4
{[%emt 0:00:32]} 65. Kxd3 {[%emt 0:00:54]} Rxh3+ {[%emt 0:01:19]} 66. Ke4 {
[%emt 0:00:32]} Kd7 {[%emt 0:00:08]} 67. Re8 {[%emt 0:00:04]} Kxc7 {[%emt 0:00:
09]} 68. f4 {[%emt 0:00:03]} Kd7 {[%emt 0:00:40]} 69. Re5 {[%emt 0:00:13]} Rh1
{[%emt 0:01:43]} 70. Kf5 {[%emt 0:01:09]} Rh5+ {[%emt 0:00:51]} 1/2-1/2

[Event "Sparkassen-Open A"]
[Site "Heusenstamm, Martinsee"]
[Date "2021.11.19"]
[Round "3.7"]
[White "Hommer, Jeremy"]
[Black "Karsay, Pascal"]
[Result "0-1"]
[WhiteElo "2171"]
[BlackElo "2309"]
[PlyCount "122"]
[EventDate "2021.??.??"]
[WhiteTeam "Hamburger SK"]
[BlackTeam "SV Worms 1878"]

{[%evp 0,13,18,21,21,18,18,15,15,15,21,18,16,28,10,24]} 1. e4 e5 2. Nf3 {
[%emt 0:00:04]} Nc6 3. Bc4 Nf6 4. d3 Be7 5. Nc3 d6 6. a3 {[%emt 0:00:03]} O-O
7. O-O Bg4 8. h3 Bh5 9. Be3 Kh8 10. Nd5 {[%emt 0:00:08]} Qd7 {[%emt 0:03:13]}
11. Nxf6 {[%emt 0:02:13]} Bxf6 {[%emt 0:02:59]} 12. g4 {[%emt 0:07:40]} Bg6 {
[%emt 0:00:22]} 13. c3 {[%emt 0:05:52]} h6 {[%emt 0:03:03]} 14. Qd2 {[%emt 0:
02:30]} Ne7 {[%emt 0:01:25]} 15. Kh2 {[%emt 0:15:34]} d5 {[%emt 0:04:23]} 16.
exd5 {[%emt 0:01:37]} Nxd5 {[%emt 0:01:08]} 17. Rad1 {[%emt 0:15:24]} Rad8 {
[%emt 0:02:59]} 18. Bxd5 {[%emt 0:01:05]} Qxd5 {[%emt 0:00:14]} 19. Ne1 {
[%emt 0:01:22]} e4 {[%emt 0:14:04]} 20. d4 {[%emt 0:01:15]} Be7 {[%emt 0:02:37]
} 21. Ng2 {[%emt 0:04:24]} Bh7 {[%emt 0:05:18]} 22. Bf4 {[%emt 0:06:21]} c6 {
[%emt 0:02:22]} 23. Qe2 {[%emt 0:05:31]} g5 {[%emt 0:06:59]} 24. Bg3 {[%emt 0:
01:05]} h5 {[%emt 0:05:21]} 25. gxh5 {[%emt 0:05:14]} Bd6 {[%emt 0:02:09]} 26.
Ne3 {[%emt 0:00:42]} Qe6 {[%emt 0:00:59]} 27. Nc4 {[%emt 0:01:41]} Bf4 {
[%emt 0:01:18]} 28. Bxf4 {[%emt 0:01:05]} gxf4 {[%emt 0:00:25]} 29. Ne5 f6 {
[%emt 0:06:17]} 30. Qg4 {[%emt 0:03:06]} Qxg4 {[%emt 0:06:08]} 31. Nxg4 {
[%emt 0:00:03]} Rd5 {[%emt 0:01:39]} 32. h6 {[%emt 0:04:14]} Rh5 {[%emt 0:00:
06]} 33. f3 {[%emt 0:00:41]} e3 {[%emt 0:00:43]} 34. Rfe1 {[%emt 0:00:44]} Bg8
{[%emt 0:03:10]} 35. Nxe3 {[%emt 0:04:51]} fxe3 {[%emt 0:00:33]} 36. Rxe3 Rxh6
{[%emt 0:00:07]} 37. Rde1 {[%emt 0:01:36]} b5 {[%emt 0:01:14]} 38. Re7 {
[%emt 0:00:51]} a5 {[%emt 0:01:09]} 39. Kg3 {[%emt 0:00:44]} Bd5 {[%emt 0:01:
05]} 40. Ra7 {[%emt 0:00:34]} Rg8+ 41. Kf4 {[%emt 0:04:20]} Rxh3 {[%emt 0:01:
01]} 42. Re3 {[%emt 0:00:16]} a4 {[%emt 0:00:26]} 43. Kf5 {[%emt 0:00:17]}
Rxf3+ {[%emt 0:01:27]} 44. Rxf3 {[%emt 0:00:08]} Bxf3 {[%emt 0:00:05]} 45. Kxf6
{[%emt 0:00:45]} Bd5 {[%emt 0:01:08]} 46. Rc7 {[%emt 0:01:36]} Rf8+ {[%emt 0:
00:38]} 47. Kg6 {[%emt 0:00:29]} Be4+ {[%emt 0:00:28]} 48. Kh6 {[%emt 0:00:34]}
Rf6+ {[%emt 0:01:31]} 49. Kg5 {[%emt 0:00:17]} Re6 {[%emt 0:00:59]} 50. Rf7 {
[%emt 0:01:12]} Kg8 {[%emt 0:00:34]} 51. Rf2 {[%emt 0:00:19]} Rg6+ {[%emt 0:01:
06]} 52. Kf4 {[%emt 0:00:48]} Rf6+ {[%emt 0:00:11]} 53. Ke3 {[%emt 0:00:03]}
Rxf2 {[%emt 0:00:05]} 54. Kxf2 {[%emt 0:00:04]} Kf7 {[%emt 0:00:07]} 55. Ke3 {
[%emt 0:00:07]} Bd5 {[%emt 0:00:04]} 56. Kd3 {[%emt 0:00:12]} Kf6 {[%emt 0:00:
14]} 57. Kc2 Kf5 {[%emt 0:00:10]} 58. Kb1 Ke4 {[%emt 0:00:11]} 59. Ka1 {
[%emt 0:00:19]} Kd3 {[%emt 0:01:12]} 60. Kb1 {[%emt 0:00:05]} Kd2 {[%emt 0:00:
15]} 61. Ka1 {[%emt 0:00:20]} Kc2 {[%emt 0:00:11]} 0-1

[Event "Sparkassen-Open A"]
[Site "Heusenstamm, Martinsee"]
[Date "2021.11.19"]
[Round "3.8"]
[White "Solonar, Stefan"]
[Black "Eilenberg, Jonas"]
[Result "1-0"]
[WhiteElo "2298"]
[BlackElo "2124"]
[PlyCount "63"]
[EventDate "2021.??.??"]
[WhiteTeam "SC Heusenstamm"]
[BlackTeam "Königsjäger Süd-West"]

{[%evp 0,15,18,-27,7,2,2,2,43,28,56,38,33,36,30,30,47,22]} 1. c4 e6 {[%emt 0:
01:19]} 2. Nc3 d5 3. d4 c6 4. e4 dxe4 5. Nxe4 Bb4+ 6. Nc3 c5 7. a3 Ba5 8. Be3
Nf6 9. Nge2 cxd4 10. Qxd4 Qxd4 {[%emt 0:02:34]} 11. Bxd4 {[%emt 0:00:21]} a6 {
[%emt 0:01:44]} 12. b4 {[%emt 0:04:58]} Bc7 {[%emt 0:00:42]} 13. g3 {[%emt 0:
05:19]} Bd7 {[%emt 0:05:40]} 14. Bg2 {[%emt 0:03:47]} Bc6 {[%emt 0:01:09]} 15.
f3 {[%emt 0:06:02]} b5 {[%emt 0:02:07]} 16. cxb5 {[%emt 0:05:23]} axb5 {
[%emt 0:00:30]} 17. O-O {[%emt 0:00:59]} Nbd7 {[%emt 0:09:06]} 18. f4 {[%emt 0:
02:06]} Bxg2 {[%emt 0:03:14]} 19. Kxg2 {[%emt 0:00:23]} Rb8 {[%emt 0:02:57]}
20. Bxf6 {[%emt 0:06:25]} gxf6 {[%emt 0:01:47]} 21. Rac1 {[%emt 0:01:55]} O-O {
[%emt 0:02:58]} 22. Rfd1 {[%emt 0:01:43]} Nb6 {[%emt 0:00:54]} 23. Nxb5 {
[%emt 0:00:35]} Bd8 {[%emt 0:00:41]} 24. Nbd4 {[%emt 0:06:37]} Ra8 {[%emt 0:02:
02]} 25. Nc6 {[%emt 0:03:16]} Nd5 {[%emt 0:03:42]} 26. Rd3 Bb6 {[%emt 0:01:53]}
27. Kf3 {[%emt 0:03:51]} Ra4 {[%emt 0:03:15]} 28. Ned4 {[%emt 0:07:14]} Rfa8 {
[%emt 0:02:59]} 29. Nb5 {[%emt 0:00:27]} Kg7 {[%emt 0:01:02]} 30. f5 {[%emt 0:
04:12]} Nc7 {[%emt 0:02:35]} 31. Nxc7 {[%emt 0:00:14]} Rxa3 {[%emt 0:01:41]}
32. Nxa8 {[%emt 0:00:14]} 1-0

[Event "Sparkassen-Open A"]
[Site "Heusenstamm, Martinsee"]
[Date "2021.11.19"]
[Round "3.9"]
[White "Iliev, Mustafa Batuhan"]
[Black "Schulze, Lara"]
[Result "0-1"]
[WhiteElo "2089"]
[BlackElo "2294"]
[PlyCount "118"]
[EventDate "2021.??.??"]
[WhiteTeam "SV Großauheim"]
[BlackTeam "SV Werder Bremen"]

{[%evp 0,15,18,21,18,18,15,15,15,15,7,5,5,-44,-34,-46,-33,-25]} 1. e4 e5 2. Nf3
{[%emt 0:00:05]} Nc6 {[%emt 0:00:05]} 3. Bc4 Nf6 4. d3 Bc5 5. c3 d6 6. Bb3 a5
7. a4 O-O 8. O-O h6 9. h3 Re8 10. Nbd2 {[%emt 0:01:09]} Ba7 {[%emt 0:05:17]}
11. Re1 {[%emt 0:14:35]} Ne7 {[%emt 0:03:56]} 12. Nh4 {[%emt 0:08:31]} Be6 {
[%emt 0:13:38]} 13. Nf1 {[%emt 0:18:25]} Qd7 {[%emt 0:04:49]} 14. Ng3 {[%emt 0:
06:24]} Bxh3 {[%emt 0:14:42]} 15. Be3 {[%emt 0:18:21]} Bg4 {[%emt 0:03:19]} 16.
Qd2 {[%emt 0:00:57]} Bxe3 {[%emt 0:00:18]} 17. Rxe3 {[%emt 0:01:35]} Be6 {
[%emt 0:08:06]} 18. Bxe6 {[%emt 0:02:08]} fxe6 {[%emt 0:01:41]} 19. d4 {
[%emt 0:00:52]} Ng4 {[%emt 0:03:17]} 20. Re2 {[%emt 0:02:28]} exd4 {[%emt 0:04:
50]} 21. cxd4 Rf8 {[%emt 0:01:22]} 22. Ra3 {[%emt 0:03:23]} g5 {[%emt 0:02:43]}
23. Nf3 {[%emt 0:00:29]} Ng6 {[%emt 0:00:10]} 24. Nh5 {[%emt 0:03:11]} Nf4 {
[%emt 0:02:56]} 25. Nxf4 {[%emt 0:00:10]} Rxf4 {[%emt 0:00:20]} 26. Ne1 {
[%emt 0:00:58]} Nf6 {[%emt 0:04:48]} 27. f3 {[%emt 0:01:05]} Nh5 {[%emt 0:00:
30]} 28. g4 {[%emt 0:01:18]} Ng7 {[%emt 0:00:56]} 29. Ng2 {[%emt 0:00:06]} Rf7
{[%emt 0:00:51]} 30. d5 {[%emt 0:01:31]} Raf8 {[%emt 0:03:58]} 31. Rf2 {
[%emt 0:00:30]} b6 {[%emt 0:00:34]} 32. Qd1 {[%emt 0:00:11]} exd5 {[%emt 0:02:
03]} 33. exd5 {[%emt 0:00:24]} Re8 {[%emt 0:01:15]} 34. f4 {[%emt 0:01:03]}
gxf4 {[%emt 0:03:14]} 35. Rxf4 {[%emt 0:00:28]} Re5 {[%emt 0:01:00]} 36. Raf3 {
[%emt 0:00:28]} Rxf4 {[%emt 0:01:03]} 37. Rxf4 Qe7 {[%emt 0:00:21]} 38. Qf3 {
[%emt 0:01:34]} Re2 {[%emt 0:01:35]} 39. b3 {[%emt 0:00:29]} Ne8 {[%emt 0:01:
10]} 40. Qd3 {[%emt 0:00:59]} Kg7 {[%emt 0:00:51]} 41. Rf3 {[%emt 0:08:30]} Qe4
{[%emt 0:04:43]} 42. Qc3+ {[%emt 0:07:57]} Kg8 {[%emt 0:01:10]} 43. Nf4 {
[%emt 0:10:23]} Rc2 {[%emt 0:05:54]} 44. Qe3 {[%emt 0:00:03]} Qxe3+ {[%emt 0:
00:29]} 45. Rxe3 {[%emt 0:00:12]} Kf7 {[%emt 0:00:11]} 46. Nh5 {[%emt 0:04:15]}
Rd2 {[%emt 0:02:40]} 47. Rf3+ {[%emt 0:01:41]} Ke7 {[%emt 0:00:35]} 48. Rf5 {
[%emt 0:01:06]} Rd3 {[%emt 0:01:04]} 49. Kg2 {[%emt 0:00:45]} Rxb3 {[%emt 0:00:
45]} 50. Rf2 {[%emt 0:00:29]} Rb4 {[%emt 0:01:40]} 51. Kg3 {[%emt 0:00:10]}
Rxa4 {[%emt 0:00:26]} 52. Re2+ {[%emt 0:00:20]} Kd7 {[%emt 0:04:14]} 53. Re6 {
[%emt 0:00:43]} Rd4 {[%emt 0:00:39]} 54. Rxh6 {[%emt 0:01:08]} Rxd5 {[%emt 0:
00:57]} 55. Rh7+ {[%emt 0:00:19]} Kc6 {[%emt 0:00:30]} 56. Rh8 {[%emt 0:01:00]}
Re5 {[%emt 0:01:30]} 57. Kf4 a4 {[%emt 0:00:22]} 58. g5 {[%emt 0:00:37]} a3 {
[%emt 0:00:21]} 59. Nf6 {[%emt 0:00:34]} Ng7 {[%emt 0:01:37]} 0-1